LEADER 02508nam 22007693a 450 001 9910153748703321 005 20250203235528.0 010 $a9788860461025 010 $a8860461022 035 $a(CKB)3880000000044280 035 $a(OAPEN)639804 035 $a(oapen)https://directory.doabooks.org/handle/20.500.12854/30056 035 $a(ScCtBLL)9c4e0e39-baf6-4ff1-8793-36619647517c 035 $a(OCoLC)1167051517 035 $a(oapen)doab30056 035 $a(EXLCZ)993880000000044280 100 $a20250203i20132020 uu 101 0 $aeng 135 $auuuuu---auuuu 181 $ctxt$2rdacontent 182 $cc$2rdamedia 183 $acr$2rdacarrier 200 00$aRhotics$f?tefan Be?u?, Antonio Romano, Evan-Gary Cohen 210 $aBozen-Bolzano$cbu,press$d2013 210 1$aBozen-Bolzano :$cbu,press,$d2013. 215 $a1 online resource (276) 311 08$a9788860460554 311 08$a8860460557 330 $aThis book provides an insight into the patterns of variation and change of rhotics in different languages and from a variety of perspectives. It sheds light on the phonetics, the phonology, the socio-linguistics and the acquisition of /r/-sounds in languages as diverse as Dutch, English, French, German, Greek, Hebrew, Italian, Kuikuro, Malayalam, Romanian, Slovak, Tyrolean and Washili Shingazidja thus contributing to the discussion on the unity and uniqueness of this group of sounds. 606 $aLinguistics$2bicssc 610 $aphonetik 610 $aphonetics 610 $alanguage acquisition 610 $aphonology 610 $afonetica 610 $asoziolinguistik 610 $alingue 610 $aphonologie 610 $ar-sounds 610 $alautlehre 610 $afonologia 610 $ainsegnamento delle lingue 610 $asprachen 610 $alanguage 610 $ar-laut 610 $arhotics 610 $aspracherwerb 610 $asocio-linguistica 610 $asuono r 610 $asociolinguistics 610 $aConsonant 610 $aItaly 610 $aSyllable 610 $aUvular consonant 610 $aVoiced dental 610 $aalveolar and postalveolar trills 610 $aVowel 615 7$aLinguistics 700 $aBe?u?$b ?tefan$0610144 702 $aRomano$b Antonio 702 $aCohen$b Evan-Gary 801 0$bScCtBLL 801 1$bScCtBLL 906 $aBOOK 912 $a9910153748703321 996 $aRhotics$94321698 997 $aUNINA LEADER 02187nam2 22003611i 450 001 UON00417805 005 20231205104808.983 010 $a35-06-77833-1 100 $a20130207d1980 |0itac50 ba 101 $ager 102 $aDE 105 $a|||| 1|||| 200 1 $aSammlung von Memoiren und romantischen Dichtungen des Mittelalters aus altfranzösischen und deutschen Quellen$fFriedrich Schlegel$gEingeleitet und herausgegeben von Liselotte Dieckmann 210 $aMünchen, Paderborn, Wien$cFerdinand Schöningh ; Zürich$cThomas-Verlag$d1980 215 $a456 p.$d23 cm. 311 $a3. Abteilung : Editionen, Übersetzungen, Berichte$9UON00172696 461 0$1001UON00172696$12001 $aKritische Friedrich Schlegel Ausgabe seiner Werke$fbegründet und herausgegeben von Ernst Behler$gunter Mitwirkung von Jean-Jacques Anstett und Hans Eichner$gFortgeführt von Andreas Arndt$1205 $aPaderborn [etc.] : Thomas$1210 $a35 v.$a24 cm$1215 $a1. Abteilung: Kritische Ausgabe (Bd. 1-10)$d2. Abteilung: Schriften aus dem Nachlass (Bd. 11-22)$d3. Abteilung: Briefe von und an Friedrich und Dorothea Schlegel (Bd. 23-32)$d4. Abteilung: Editionen, Übersetzungen, Berichte (Bd. 33-35)$v33 3. Abteilung : Editionen, Übersetzungen, Berichte 606 $aLetteratura tedesca$xSec. 18.-19.$3UONC061938$2FI 620 $aDE$dPaderborn$3UONL001276 620 $aDE$dMünchen$3UONL003025 620 $aAT$dWien$3UONL003140 620 $aCH$dZürich$3UONL003145 676 $a830.6$cLetteratura tedesca. Periodo classico, 1750-1830$v21 700 1$aSCHLEGEL$bFriedrich$3UONV062324$0444001 702 1$aDIECKMANN$bLiselotte$3UONV191558 712 $aSchöningh$3UONV251759$4650 712 $aThomas-Verlag$3UONV266104$4650 801 $aIT$bSOL$c20251003$gRICA 899 $aSIBA - SISTEMA BIBLIOTECARIO DI ATENEO$2UONSI 912 $aUON00417805 950 $aSIBA - SISTEMA BIBLIOTECARIO DI ATENEO$dSI TED 22 I SCHL 4 a $eSI LO 15405 5 4 a $sBuono 996 $aSammlung von Memoiren und romantischen Dichtungen des Mittelalters aus altfranzosischen und deutschen Quellen$9954517 997 $aUNIOR